000
00218 a2200097 4500
001
41727
100
_a
Hirschel,E.H
245
_a
Basics of Aerothermodynamics
260
_a
Germany
_b
Springer
_c
090
_c
25843
_d
25843
942
_a
NUST-CAE
_c
M
_c
17606
999
_c
276800
_d
276800